| 000 | 01263nam a2200313 i 4500 | ||
|---|---|---|---|
| 003 | EG-GICUC | ||
| 005 | 20260126144000.0 | ||
| 008 | 260126s1977 ua ||||fr|||| 00| 0 ara d | ||
| 040 |
_a EG-GICUC _bara _c EG-GICUC _d EG-GICUC _erda |
||
| 041 | 0 | _aara | |
| 082 | 0 | 4 |
_221 _a345.439 _bو ه . أ |
| 092 | 0 | 4 | _221 |
| 099 | _aLaw1 345.439 و ه . أ 1977 | ||
| 100 | 0 |
_aوهيب عماد _eمؤلف. |
|
| 245 | 1 | 0 |
_aأثر القرار الصادر بقبول الاستقالة علي حقوق الموظف المستمدة من الوظيفة العامة / _cدكتور وهيب عماد |
| 264 |
_a[مكان النشر غير محدد] : _b[الناشر غير محدد], _c1977. |
||
| 300 |
_a35 صفحة ؛ _c24 سم |
||
| 336 |
_2rda content _atext |
||
| 337 |
_2rda media _aComputer |
||
| 338 |
_2rda carrier _aOnline Resource |
||
| 504 | _a. 35-34 ببليوجرافيا: صفحات. | ||
| 546 | _aالنص أغلبه باللغة العربية بعض النصوص الإنجليزية والفرنسية | ||
| 650 | 1 | 4 |
_aالقانون الإداري _2qrmak |
| 650 | 1 | 4 | _aحقوق اخري الموظف العام |
| 651 | 1 | _2qrmak | |
| 856 | 4 | 0 | _uhttps://fll.law.cu.edu.eg/fulltext/bks/B07-03277.pdf |
| 905 | _a74 | ||
| 942 |
_2ddc _n0 _cBK _e21 |
||
| 999 |
_c59475 _d59475 |
||